00882nam a22002537a 450000500170000001000130001702000220003003500130005203700160006504000120008108200130009310000250010624500630013126000530019427000500024730000200029750000190031765000320033665000330036870000260040194200220042799900190044995201600046820170124110020.0 aA-895383 c00.00a8170249848 aA-895383 bCen Lib/Ret aDPLbEN a658bAHM aAhmad, Khaliq919520 aEffective management /cby Ahmad Khaliq [and] Shamim Ahmad aNew DelhibA. P. H. Publishing Corporationc1998 a5, Ansari Road, Darya GanjbNew Delhie110002 a244p.c20cm(Hb) aIncludes index aManagement framework919521 aFunctional management919522 aAhmad, Shamim 919523 2ddccENh658mAHM c127138d127138 04104070aLbLd2015-06-27eCen Lib/Retg0.00l0o658 AHMpA-895383r2015-06-27 00:00:00t1v0.00w2015-06-27yENzW/d List No. 6867/18 ; dtd 11/08/2020